000 00341nam a2200133Ia 4500
008 240624s9999 xx 000 0 und d
041 _aeng
082 _a338.791 RAJ
100 _aRAJAGOPALAN S
245 _aHEALTH TOURISM AN INTRODUCTION
260 _c2006
_aHyderabad
_bICFAI press
300 _aix, : 180 : p. : cm. ; 23
365 _cRS
_b50
999 _c6534
_d6534